| 000 | 00939cab a2200229 4500 | ||
|---|---|---|---|
| 001 | WB2809-42 | ||
| 008 | 090401t1992 xxu||||| |||| 00| 0 eng d | ||
| 035 | _a(Sirsi) u44210 | ||
| 041 | _aeng | ||
| 245 | _aKey to proving possession | ||
| 260 | _c1992 | ||
| 350 | _a0 | ||
| 490 |
_aChartered Surveyor Weekly _v38(8) 27 February 1992, 71(1) |
||
| 520 | _a"Marsden v Miller and others" CA 16 January 1992 concerned disputed possession over land whose ownership was unknown. Held that one person without documentary title could not assert title in relation to the land against another person purely on the basis of an act of possession which consisted of erection of a fence for a short time around the land. | ||
| 650 | _aDISPUTED POSSESSION | ||
| 650 | _aDOCUMENTARY TITLE | ||
| 650 | _aERECTION OF A FENCE | ||
| 650 | _aUNKNOWN OWNERSHIP | ||
| 690 | _aPROPERTY LAW AND PRACTICE-CASE LAW | ||
| 942 | _n0 | ||
| 948 | _c04/03/1997 | ||
| 999 |
_c28183 _d28183 |
||